000 01334nam a2200229Ia 4500
999 _c34696
_d34696
001 481
003 GE_BSU
005 20200128142107.0
008 181216s2009||||ge |||||||||||||| ||geo||
040 _cGE_BSU
041 _ageo
080 _a338.22(075.8)+33901(075.8) ს-21
100 _aსამადაშვილი, უშანგი
_96430
245 _aბიზნესის საფუძვლები = Bases of business :
_bთეორია, კითხვები აუდიტორიაში განხილვებისა და შემოწმებისათვის, სავარჯიშოები, ამოცანები, ტესტები : [დამხმ. სახელმძღვ. ეკონ. პროფ. სტუდ.] /
_cუშანგი სამადაშვილი ; [რედ. თ. შენგელია].
250 _aმე-2 გამოც., გადამუშ., დამატებებით
264 _aთბილისი :
_bუნივერსალი,
_c2009.
300 _a367 გვ.;
_b22 სმ.
653 _aბიზნესის საფუძვლები.
653 _aეკონომიკა
700 _aშენგელია, თ.
_eრედაქტორი
_96431
942 _cBK
_2udc